Click para traducir - Latín - Estadísticas

Estadísticas generales
  • Esta prueba ha sido intentada 93 veces
  • La puntuación promedio es 16 de 20
Estadísticas de respuestas
Hint Respuesta % Correcto
Reina Regina
95%
Voz Vox
94%
Cien Centum
92%
Mar Mare
92%
Pez Piscis
92%
Lobo Lupus
91%
Maestro Magister
89%
Madre Mater
89%
Rápido Velox
86%
Soy Sum
81%
Espada Gladius
80%
Plata Argentum
78%
Casa Domus
78%
Cinco Quinque
78%
Sobre Supra
77%
Pienso Cogito
70%
Guerra Bellum
69%
Este Hoc
66%
Cumpleaños Natalis
58%
Azul Caeruleum
55%
No se encontraron pruebas coincidentes
Distribución de puntuación
Porcentaje de gente con cada puntuación
Porcentaje por número respondido
Historial de tus puntuaciones
No has intentado esta prueba.